Why we love the way we do (Record no. 137306)

000 -LEADER
fixed length control field 00314nam a2200121Ia 4500
008 - FIXED-LENGTH DATA ELEMENTS--GENERAL INFORMATION
fixed length control field 220120s9999||||xx |||||||||||||| ||und||
082 ## - DEWEY DECIMAL CLASSIFICATION NUMBER
Classification number 823 SHE
100 ## - MAIN ENTRY--PERSONAL NAME
Personal name Shenoy, Preeti
9 (RLIN) 10579
245 #0 - TITLE STATEMENT
Title Why we love the way we do
260 ## - PUBLICATION, DISTRIBUTION, ETC.
Place of publication, distribution, etc. Westland Publishers
Name of publisher, distributor, etc. Delhi
Date of publication, distribution, etc. 2015
300 ## - PHYSICAL DESCRIPTION
Other physical details 225
650 ## - SUBJECT ADDED ENTRY--TOPICAL TERM
Topical term or geographic name entry element MICROPROCESSOR
Holdings
Withdrawn status Lost status Damaged status Not for loan Collection code Home library Current library Date acquired Total Checkouts Barcode Date due Date last seen Date last checked out Price effective from Koha item type
        Humanity Science Central Library Central Library 01/20/2022 1 GF1165 08/26/2023 08/26/2022 08/26/2022 01/20/2022 Gift Books

Powered by Koha